[Event "78th POL-ch"]
[Site "Bydgoszcz POL"]
[Date "2021.04.29"]
[Round "1.1"]
[White "Janik, Igor"]
[Black "Wojtaszek, Radoslaw"]
[Result "0-1"]
[WhiteElo "2495"]
[BlackElo "2694"]
[EventDate "2021.04.29"]
[PlyCount "116"]

1.d4 Nf6 2.c4 e6 3.Nf3 d5 4.Nc3 Nbd7 5.Bf4 Bb4 6.cxd5 Nxd5 7.Bd2 N5f6 8.g3
b6 9.Bg2 Bb7 10.O-O O-O 11.Rc1 c5 12.a3 Bxc3 13.Bxc3 Rc8 14.dxc5 Nxc5 15.
Bb4 Qe7 16.Bxc5 Rxc5 17.Qa4 a5 18.Rfd1 Rfc8 19.Rxc5 Qxc5 20.Qd4 Qxd4 21.
Nxd4 Bxg2 22.Kxg2 Kf8 23.Kf3 Ke7 24.e4 Nd7 25.Ke2 g5 26.f3 h5 27.Rd2 Rc1 
28.Rc2 Rb1 29.Nc6+ Kf6 30.Ke3 Ne5 31.Nxe5 Kxe5 32.f4+ gxf4+ 33.gxf4+ Kd6 
34.Kd4 Rd1+ 35.Ke3 Re1+ 36.Kd4 f5 37.e5+ Kd7 38.Kc4 Kc6 39.Rd2 Re4+ 40.Kb3
Rxf4 41.Rd6+ Kc5 42.Rxe6 a4+ 43.Ka2 Re4 44.Rh6 Rxe5 45.Rxh5 Kd4 46.Rh6 f4 
47.Rxb6 f3 48.Rf6 Ke3 49.b3 f2 50.bxa4 Re4 51.Rxf2 Kxf2 52.Kb3 Ke3 53.a5 
Kd4 54.Kb4 Kd5+ 55.Kb5 Kd6 56.Kb6 Re3 57.a6 Rb3+ 58.Ka7 Kc7 0-1

[Event "78th POL-ch"]
[Site "Bydgoszcz POL"]
[Date "2021.04.30"]
[Round "1.2"]
[White "Wojtaszek, Radoslaw"]
[Black "Janik, Igor"]
[Result "0-1"]
[WhiteElo "2694"]
[BlackElo "2495"]
[EventDate "2021.04.29"]
[PlyCount "130"]

1.d4 e6 2.c4 b6 3.a3 Bb7 4.Nc3 f5 5.Bf4 g5 6.Bd2 Qf6 7.h4 g4 8.Bf4 d6 9.e3
Bh6 10.Nge2 Ne7 11.Nb5 Bxf4 12.Nxf4 Na6 13.Nc3 c6 14.d5 Nc5 15.dxe6 O-O-O 
16.Qc2 Kb8 17.O-O-O Nxe6 18.Nce2 Nc5 19.Ng3 d5 20.Be2 d4 21.Ngh5 Qe5 22.
exd4 Rxd4 23.Rxd4 Qxd4 24.Rd1 Qe5 25.Nd3 Nxd3+ 26.Qxd3 c5 27.g3 Nc6 28.
Qd6+ Qxd6 29.Rxd6 Nd4 30.Nf4 Re8 31.Kd2 Re7 32.Bd3 Nf3+ 33.Kc3 Re1 34.Rd8+
Kc7 35.Rh8 Rc1+ 36.Kb3 b5 37.Rxh7+ Kb6 38.Rh6+ Ka5 39.Ka2 bxc4 40.Bxf5 Nd4
41.Bb1 Rf1 42.Rh5 Kb6 43.Rh6+ Kb5 44.a4+ Kb4 45.Rh7 Bc6 46.Rxa7 Rxf2 47.
Ra6 Rh2 48.Bg6 Bf3 49.h5 Rh1 50.Bb1 Nb3 51.Re6 Nc1+ 52.Ka1 Kxa4 53.Re3 Kb4
54.Re6 Nd3 55.Ne2 Bxe2 56.Rxe2 Rxh5 57.Re4 Nc1 58.Re8 Rh3 59.Rb8+ Ka5 60.
Ra8+ Kb6 61.Bf5 Rxg3 62.Rb8+ Kc7 63.Rg8 Nb3+ 64.Ka2 Rg1 65.Bb1 g3 0-1

[Event "78th POL-ch"]
[Site "Bydgoszcz POL"]
[Date "2021.04.30"]
[Round "1.3"]
[White "Janik, Igor"]
[Black "Wojtaszek, Radoslaw"]
[Result "0-1"]
[WhiteElo "2461"]
[BlackElo "2703"]
[EventDate "2021.04.29"]
[PlyCount "94"]

1.d4 Nf6 2.c4 e6 3.Nf3 b6 4.g3 Ba6 5.b3 Bb4+ 6.Bd2 Be7 7.Nc3 d5 8.cxd5 
exd5 9.Bg2 O-O 10.O-O Re8 11.Ne5 Bb7 12.Rc1 Nbd7 13.Bg5 Nf8 14.e3 Ne6 15.
Bxf6 Bxf6 16.f4 c6 17.b4 Qd6 18.Qb3 b5 19.a3 a5 20.bxa5 Rxa5 21.a4 b4 22.
Rb1 Ba6 23.Qxb4 Qxb4 24.Rxb4 Bxf1 25.Bxf1 c5 26.Rb5 Rea8 27.Rxa5 Rxa5 28.
Nc6 Ra8 29.Nxd5 Rxa4 30.Nxf6+ gxf6 31.d5 Nf8 32.Bb5 Ra2 33.Ne7+ Kh8 34.Nf5
Rb2 35.Nd6 Kg7 36.Bd3 Nd7 37.Bf5 Nb6 38.Ne8+ Kf8 39.Nxf6 c4 40.d6 c3 41.
Nxh7+ Kg7 42.Ng5 Rd2 43.Nf3 Rxd6 44.Nd4 Nd5 45.Nc2 Ne7 46.Be4 f5 47.Bf3 
Rd2 0-1

[Event "78th POL-ch"]
[Site "Bydgoszcz POL"]
[Date "2021.04.30"]
[Round "1.4"]
[White "Wojtaszek, Radoslaw"]
[Black "Janik, Igor"]
[Result "1-0"]
[WhiteElo "2703"]
[BlackElo "2461"]
[EventDate "2021.04.29"]
[PlyCount "77"]

1.d4 Nf6 2.c4 b6 3.f3 Nc6 4.Nc3 e6 5.e4 e5 6.Nge2 exd4 7.Nxd4 Nxd4 8.Qxd4 
Bc5 9.Qe5+ Be7 10.Be2 O-O 11.Be3 Re8 12.Qd4 Nh5 13.Qd2 Bb7 14.O-O-O d6 15.
g4 Nf6 16.h4 a6 17.g5 Nd7 18.h5 b5 19.g6 Ne5 20.f4 Nxc4 21.Bxc4 bxc4 22.
gxf7+ Kxf7 23.h6 g6 24.Qd4 Bf6 25.Qxc4+ Kf8 26.Bd4 Qe7 27.Rhf1 Qf7 28.Qd3 
a5 29.Bxf6 Qxf6 30.e5 Qf7 31.Qd4 Rad8 32.f5 gxf5 33.exd6 Rxd6 34.Qc5 Re6 
35.Nb5 Qg6 36.Nxd6 Qxh6+ 37.Kb1 cxd6 38.Qxf5+ Ke7 39.Qf7+ 1-0

[Event "78th POL-ch"]
[Site "Bydgoszcz POL"]
[Date "2021.04.29"]
[Round "1.1"]
[White "Gajewski, Grzegorz"]
[Black "Dziuba, Marcin"]
[Result "1/2-1/2"]
[WhiteElo "2596"]
[BlackElo "2583"]
[EventDate "2021.04.29"]
[PlyCount "96"]

1.d4 d5 2.Nf3 Nf6 3.Bf4 c5 4.e3 Nc6 5.Nbd2 Bg4 6.c3 e6 7.Qb3 Qc8 8.Nh4 Be7
9.h3 Bh5 10.g4 Bg6 11.dxc5 Bxc5 12.Nxg6 hxg6 13.g5 Ng8 14.O-O-O Nge7 15.h4
a6 16.Be2 e5 17.Bg3 Qf5 18.e4 dxe4 19.Qc4 Bxf2 20.Nxe4 Be3+ 21.Kb1 O-O 22.
Bd3 b5 23.Qb3 Qg4 24.h5 Rad8 25.Qc2 gxh5 26.Rh4 Qe6 27.Qe2 Ng6 28.Qxe3 
Nxh4 29.Bxh4 Qg4 30.Rh1 Ne7 31.Bc2 Ng6 32.Bf2 h4 33.Rg1 Qh5 34.Qh3 a5 35.
a3 b4 36.axb4 axb4 37.cxb4 Qe2 38.Bxh4 Rd4 39.Qf5 Rxb4 40.Be1 Rxb2+ 41.
Kxb2 Rb8+ 42.Ka3 Qe3+ 43.Bc3 Qxg1 44.Bb3 Qc1+ 45.Ka4 Ra8+ 46.Kb5 Rb8+ 47.
Ka4 Ra8+ 48.Kb5 Rb8+ 1/2-1/2

[Event "78th POL-ch"]
[Site "Bydgoszcz POL"]
[Date "2021.04.30"]
[Round "1.2"]
[White "Dziuba, Marcin"]
[Black "Gajewski, Grzegorz"]
[Result "0-1"]
[WhiteElo "2583"]
[BlackElo "2596"]
[EventDate "2021.04.29"]
[PlyCount "104"]

1.Nf3 d5 2.e3 Nf6 3.b3 c5 4.Bb2 Nc6 5.Bb5 Bd7 6.O-O e6 7.d4 a6 8.Bd3 b5 9.
dxc5 Bxc5 10.Nbd2 O-O 11.c4 dxc4 12.bxc4 b4 13.Ng5 e5 14.Nde4 Nxe4 15.Bxe4
h6 16.Nf3 Rc8 17.Qc2 f6 18.Rfd1 Qe8 19.a3 Be6 20.axb4 Nxb4 21.Qb1 f5 22.
Bc2 e4 23.Ne5 Rb8 24.Qc1 f4 25.Bxe4 fxe3 26.fxe3 Bf5 27.Bxf5 Rxf5 28.Qc3 
Rb7 29.Kh1 Re7 30.Ng4 Qg6 31.h3 h5 32.e4 Rxe4 33.Rd7 Bf8 34.Ne3 Rf2 35.Rg1
Na2 36.Qb3 Qe6 37.Nd1 Rxg2 38.Rxg2 Qxd7 39.c5+ Qf7 40.Qxf7+ Kxf7 41.Rf2+ 
Kg8 42.Kg2 Bxc5 43.Rf5 Bf8 44.Kf3 Re1 45.Ne3 h4 46.Rh5 Rb1 47.Bd4 Nb4 48.
Rxh4 a5 49.Rg4 Nc6 50.Bc3 Rc1 51.Rc4 Bb4 52.Bxb4 Ne5+ 0-1

[Event "78th POL-ch"]
[Site "Bydgoszcz POL"]
[Date "2021.04.29"]
[Round "1.1"]
[White "Sadzikowski, Daniel"]
[Black "Socko, Bartosz"]
[Result "1/2-1/2"]
[WhiteElo "2527"]
[BlackElo "2618"]
[EventDate "2021.04.29"]
[PlyCount "83"]

1.e4 c5 2.Nf3 d6 3.d4 cxd4 4.Nxd4 Nf6 5.Nc3 Nc6 6.Bg5 e6 7.Qd2 Be7 8.O-O-O
Nxd4 9.Qxd4 O-O 10.f3 a6 11.Be3 b5 12.Kb1 Rb8 13.g4 b4 14.Ne2 e5 15.Qd2 
Be6 16.g5 Nh5 17.Ng3 Nf4 18.h4 Qa5 19.b3 Rfc8 20.Nf5 Bf8 21.Nd4 exd4 22.
Bxf4 Rc3 23.Qf2 Rbc8 24.Bd3 Qc5 25.Bc1 a5 26.f4 a4 27.Bb2 Qa7 28.Bxc3 bxc3
29.b4 Rb8 30.a3 Qc5 31.Rdg1 d5 32.e5 Qa7 33.Kc1 Bxb4 34.axb4 a3 35.Kd1 a2 
36.Ke2 a1=Q 37.Rxa1 Bg4+ 38.Kf1 Qxa1+ 39.Kg2 Qa7 40.b5 g6 41.Rb1 Qc5 42.
Kg3 1/2-1/2

[Event "78th POL-ch"]
[Site "Bydgoszcz POL"]
[Date "2021.04.30"]
[Round "1.2"]
[White "Socko, Bartosz"]
[Black "Sadzikowski, Daniel"]
[Result "1/2-1/2"]
[WhiteElo "2618"]
[BlackElo "2527"]
[EventDate "2021.04.29"]
[PlyCount "60"]

1.e4 c5 2.Nf3 d6 3.d4 cxd4 4.Nxd4 Nf6 5.Nc3 a6 6.Be3 e5 7.Nf3 Be7 8.Bc4 
Be6 9.Bb3 O-O 10.O-O b5 11.Qd3 Re8 12.Nd5 Bxd5 13.Bxd5 Nxd5 14.Qxd5 Nd7 
15.Rfd1 Qc8 16.Qd3 Qc4 17.Qxc4 bxc4 18.Nd2 Rec8 19.b3 cxb3 20.cxb3 Rc6 21.
Nc4 f6 22.Rd2 Kf7 23.Rad1 Ke6 24.f4 g6 25.Kf1 h5 26.Ke2 Rf8 27.Na5 Rc7 28.
Nc4 Rc6 29.Na5 Rc7 30.Nc4 Rc6 1/2-1/2

[Event "78th POL-ch"]
[Site "Bydgoszcz POL"]
[Date "2021.04.30"]
[Round "1.3"]
[White "Socko, Bartosz"]
[Black "Sadzikowski, Daniel"]
[Result "1/2-1/2"]
[WhiteElo "2615"]
[BlackElo "2441"]
[EventDate "2021.04.29"]
[PlyCount "71"]

1.e4 c5 2.Nf3 d6 3.d4 cxd4 4.Nxd4 Nf6 5.Nc3 a6 6.Be3 e5 7.Nf3 Be7 8.Bc4 
Be6 9.Bb3 O-O 10.O-O b5 11.a4 b4 12.Nd5 Bxd5 13.Bxd5 Nxd5 14.Qxd5 Nd7 15.
Qd3 Qc7 16.Nd2 Rfc8 17.Rfc1 Nc5 18.Bxc5 Qxc5 19.c4 bxc3 20.Rxc3 Qd4 21.
Qxd4 exd4 22.Rc4 Rab8 23.g3 d3 24.Rxc8+ Rxc8 25.Ra3 Rc2 26.Rxd3 Rxb2 27.
Nc4 Rb4 28.Nxd6 Rxa4 29.e5 g6 30.f4 Rb4 31.Kg2 a5 32.Rd5 a4 33.Ra5 Bxd6 
34.exd6 Rd4 35.Kf3 Rxd6 36.Ke4 1/2-1/2

[Event "78th POL-ch"]
[Site "Bydgoszcz POL"]
[Date "2021.04.30"]
[Round "1.4"]
[White "Sadzikowski, Daniel"]
[Black "Socko, Bartosz"]
[Result "1/2-1/2"]
[WhiteElo "2441"]
[BlackElo "2615"]
[EventDate "2021.04.29"]
[PlyCount "63"]

1.e4 c5 2.Nf3 d6 3.d4 cxd4 4.Nxd4 Nf6 5.Nc3 Nc6 6.Bg5 e6 7.Qd2 Be7 8.O-O-O
Nxd4 9.Qxd4 O-O 10.h4 Qa5 11.Kb1 Bd7 12.f3 Rfd8 13.Bd2 Qc5 14.Qxc5 dxc5 
15.Bf4 a6 16.Bc7 Rdc8 17.Bd6 Bxd6 18.Rxd6 Bc6 19.a4 Rd8 20.Rxd8+ Rxd8 21.
Be2 Kf8 22.Kc1 Ke7 23.Rd1 Rd4 24.b3 Nh5 25.Bd3 Ng3 26.Ne2 Nxe2+ 27.Bxe2 
Rxd1+ 28.Kxd1 f5 29.e5 a5 30.Kd2 b6 31.Ke3 h6 32.g3 1/2-1/2

[Event "78th POL-ch"]
[Site "Bydgoszcz POL"]
[Date "2021.04.30"]
[Round "1.5"]
[White "Socko, Bartosz"]
[Black "Sadzikowski, Daniel"]
[Result "1/2-1/2"]
[WhiteElo "2655"]
[BlackElo "2413"]
[EventDate "2021.04.29"]
[PlyCount "126"]

1.e4 c5 2.Nf3 d6 3.d4 cxd4 4.Nxd4 Nf6 5.Nc3 a6 6.Be3 e5 7.Nf3 Be7 8.Bc4 
Be6 9.Bb3 O-O 10.O-O b5 11.a4 b4 12.Nd5 Bxd5 13.Bxd5 Nxd5 14.Qxd5 Nd7 15.
Qd3 Qc7 16.Nd2 Rfc8 17.Rfc1 Nc5 18.Bxc5 Qxc5 19.c4 bxc3 20.Rxc3 Qd4 21.
Qxd4 exd4 22.Rc4 d3 23.Kf1 Bg5 24.Rxc8+ Rxc8 25.Nf3 Bc1 26.Ra3 d2 27.Rd3 
Rc2 28.Rxd6 f6 29.b3 Rb2 30.Ke2 Rxb3 31.Rxa6 Rb4 32.Nxd2 Bxd2 33.Kxd2 Rxe4
34.Ra7 h5 35.a5 Ra4 36.a6 Kh7 37.Kc3 Kg6 38.Kb3 Ra1 39.h4 Ra5 40.Kb4 Ra2 
41.Kb5 Rb2+ 42.Kc6 Rc2+ 43.Kb6 Rb2+ 44.Kc5 Rc2+ 45.Kb6 Rb2+ 46.Kc6 Rc2+ 
47.Kb6 Rb2+ 48.Kc7 Rxf2 49.Rb7 Ra2 50.a7 Kf5 51.Kb8 g5 52.a8=Q Rxa8+ 53.
Kxa8 Kg4 54.Rb4+ Kg3 55.hxg5 fxg5 56.Rb2 g4 57.Kb7 h4 58.Kc6 h3 59.gxh3 
gxh3 60.Kd5 h2 61.Rb1 Kg2 62.Ke4 h1=Q 63.Rxh1 Kxh1 1/2-1/2

[Event "78th POL-ch"]
[Site "Bydgoszcz POL"]
[Date "2021.04.30"]
[Round "1.6"]
[White "Sadzikowski, Daniel"]
[Black "Socko, Bartosz"]
[Result "0-1"]
[WhiteElo "2413"]
[BlackElo "2655"]
[EventDate "2021.04.29"]
[PlyCount "144"]

1.e4 c5 2.Nf3 d6 3.d4 cxd4 4.Nxd4 Nf6 5.Nc3 Nc6 6.Bg5 e6 7.Qd2 Be7 8.O-O-O
Nxd4 9.Qxd4 O-O 10.h4 Bd7 11.f3 Bc6 12.Kb1 Qc7 13.g4 Rfd8 14.Bd3 a6 15.h5 
h6 16.Bh4 Nh7 17.Bxe7 Qxe7 18.Qe3 b5 19.f4 b4 20.Ne2 e5 21.Rhf1 a5 22.Bc4 
Rf8 23.Ng3 Bd7 24.fxe5 dxe5 25.Nf5 Bxf5 26.Rxf5 Ng5 27.Rd5 Rad8 28.Rfxe5 
Qc7 29.Bd3 a4 30.Rf5 a3 31.Qc5 Qg3 32.Qxb4 Qxg4 33.bxa3 Qxh5 34.a4 Qd1+ 
35.Kb2 Ne6 36.a5 Qg1 37.a6 g6 38.Rfe5 Ra8 39.a4 h5 40.Ra5 h4 41.Bc4 Qd4+ 
42.Qc3 h3 43.Bxe6 Qxc3+ 44.Kxc3 h2 45.Rh5 gxh5 46.Rg5+ Kh7 47.Rxh5+ Kg6 
48.Bxf7+ Rxf7 49.Rxh2 Rxa6 50.Rg2+ Kh6 51.Kb4 Rb7+ 52.Kc5 Rxa4 53.e5 Re4 
54.Kd5 Re1 55.e6 Rb5+ 56.Kc6 Rbe5 57.c4 Rxe6+ 58.Kb5 Rc1 59.Rd2 Kg7 60.
Rd7+ Kf6 61.c5 Re5 62.Rc7 Ke6 63.Kb6 Rc2 64.Rc8 Kd7 65.Rc7+ Kd8 66.Rc6 
Rb2+ 67.Ka7 Re1 68.Rb6 Ra1+ 69.Kb8 Rab1 70.Kb7 Rxb6+ 71.cxb6 Kd7 72.Ka8 
Rxb6 0-1

[Event "78th POL-ch"]
[Site "Bydgoszcz POL"]
[Date "2021.04.29"]
[Round "1.1"]
[White "Markowski, Tomasz"]
[Black "Piorun, Kacper"]
[Result "0-1"]
[WhiteElo "2546"]
[BlackElo "2615"]
[EventDate "2021.04.29"]
[PlyCount "66"]

1.c4 e5 2.g3 Nf6 3.Bg2 c6 4.Nf3 e4 5.Nd4 Qb6 6.Nb3 a5 7.d3 a4 8.N3d2 Bc5 
9.e3 exd3 10.O-O O-O 11.Nc3 Qa6 12.Nce4 Be7 13.Rb1 d5 14.Nxf6+ Bxf6 15.
cxd5 cxd5 16.Bxd5 Be6 17.Bxe6 Qxe6 18.b3 a3 19.Nf3 Rd8 20.Bd2 Nc6 21.Rc1 
Rd5 22.Bc3 Bxc3 23.Rxc3 d2 24.Rc4 Qf6 25.Kg2 Rad8 26.h4 h6 27.g4 b5 28.Rf4
Qb2 29.g5 Rc5 30.Nd4 Nxd4 31.exd4 Rxd4 32.Qf3 Rxf4 33.Qxf4 Rc1 0-1

[Event "78th POL-ch"]
[Site "Bydgoszcz POL"]
[Date "2021.04.30"]
[Round "1.2"]
[White "Piorun, Kacper"]
[Black "Markowski, Tomasz"]
[Result "0-1"]
[WhiteElo "2615"]
[BlackElo "2546"]
[EventDate "2021.04.29"]
[PlyCount "120"]

1.e4 g6 2.d4 Bg7 3.Nc3 d6 4.f4 Nf6 5.Nf3 O-O 6.Bd3 Na6 7.O-O c5 8.d5 Bg4 
9.Kh1 Rb8 10.Bc4 Nc7 11.a4 a6 12.a5 Nd7 13.h3 b5 14.hxg4 bxc4 15.g5 Nb5 
16.Ne2 Qc7 17.c3 e6 18.f5 exf5 19.exf5 Rfe8 20.f6 Bf8 21.Nd2 Ne5 22.Ra4 
Qb7 23.Nf4 Nc7 24.Nxc4 Nxc4 25.Rxc4 Re5 26.Ra4 Rxg5 27.c4 Rf5 28.Ra3 Rxf6 
29.Raf3 Ne8 30.Bd2 Rf5 31.g4 Re5 32.Ne6 Be7 33.Rxf7 Rxe6 34.Bh6 Rf6 35.
R1xf6 Nxf6 36.Rg7+ Kh8 37.b4 Qd7 38.Qe2 Re8 39.bxc5 dxc5 40.Qe5 Qd6 41.
Qxd6 Bxd6 42.Ra7 Nxg4 43.Rxa6 Nxh6 44.Rxd6 Ra8 45.a6 Nf7 46.Rc6 Kg7 47.Kg2
Ne5 48.Rxc5 Rxa6 49.Rc7+ Kf6 50.c5 Nd3 51.Rxh7 Nxc5 52.Rc7 Ra2+ 53.Kf3 
Ra3+ 54.Kg4 Ra4+ 55.Kf3 Nd3 56.Rc6+ Kf5 57.Ke3 Ne5 58.Rc8 Re4+ 59.Kf2 Rd4 
60.Rd8 Ke4 0-1

[Event "78th POL-ch"]
[Site "Bydgoszcz POL"]
[Date "2021.04.30"]
[Round "1.3"]
[White "Piorun, Kacper"]
[Black "Markowski, Tomasz"]
[Result "1-0"]
[WhiteElo "2569"]
[BlackElo "2572"]
[EventDate "2021.04.29"]
[PlyCount "145"]

1.e4 g6 2.d4 Bg7 3.Nf3 d6 4.Bc4 Nf6 5.Qe2 O-O 6.e5 dxe5 7.dxe5 Nd5 8.h3 c6
9.O-O Be6 10.Rd1 Nd7 11.Bb3 Qc7 12.c4 N5b6 13.Bf4 a5 14.Nbd2 Rfd8 15.Bc2 
a4 16.Qe3 Nf8 17.b3 axb3 18.axb3 Rxa1 19.Rxa1 Ra8 20.Re1 Nbd7 21.Bg5 Ra2 
22.Bb1 Ra1 23.Bxe7 Nxe5 24.Bb4 Nxf3+ 25.Nxf3 b6 26.Bc3 Bxc3 27.Qxc3 Qa7 
28.Nd4 Bd7 29.Nc2 Ra5 30.b4 Ra4 31.h4 h5 32.Re7 Qb8 33.Qf6 Be6 34.Ne3 Ra7 
35.Rxa7 Qxa7 36.Be4 Qa4 37.Qc3 Nd7 38.g3 c5 39.bxc5 Nxc5 40.Bd5 Qa5 41.Qf6
Qe1+ 42.Kg2 Qb1 43.Qe5 Nd7 44.Qd4 Nc5 45.Qe5 Nd7 46.Qf4 Nf8 47.Qd4 Qb4 48.
Qf6 Nd7 49.Qd8+ Qf8 50.Qc7 Qc5 51.Qa7 Nf8 52.Qb8 Qd4 53.Bxe6 Qe4+ 54.Kf1 
Qxe6 55.Nd5 Qh3+ 56.Kg1 Qe6 57.Qxb6 Qxb6 58.Nxb6 Ne6 59.Nd7 f5 60.Ne5 Kg7 
61.Nd3 Kf6 62.Kg2 Nd4 63.Nf4 Nc6 64.Nd3 Nd4 65.f3 g5 66.hxg5+ Kxg5 67.Kf2 
h4 68.gxh4+ Kxh4 69.Ke3 Ne6 70.c5 Kg3 71.c6 f4+ 72.Ke4 Ng5+ 73.Kd5 1-0

[Event "78th POL-ch"]
[Site "Bydgoszcz POL"]
[Date "2021.04.30"]
[Round "1.4"]
[White "Markowski, Tomasz"]
[Black "Piorun, Kacper"]
[Result "1/2-1/2"]
[WhiteElo "2572"]
[BlackElo "2569"]
[EventDate "2021.04.29"]
[PlyCount "114"]

1.c4 e5 2.e3 Nf6 3.a3 g6 4.b4 Bg7 5.Bb2 d6 6.d3 O-O 7.Nd2 a5 8.Ngf3 Re8 9.
Qc2 Nc6 10.b5 Ne7 11.Be2 b6 12.O-O Bb7 13.e4 Nd7 14.Rfe1 Nc5 15.d4 exd4 
16.Nxd4 Kh8 17.f4 Ng8 18.Bf3 Re7 19.Re2 Qf8 20.Rae1 Rae8 21.g3 Ne6 22.Nxe6
Rxe6 23.e5 Bxf3 24.Nxf3 dxe5 25.Nxe5 Bxe5 26.Bxe5+ f6 27.Bb2 Qd6 28.Kg2 
Kg7 29.Kf3 Rxe2 30.Rxe2 Rxe2 31.Qxe2 Ne7 32.g4 Kf7 33.Qc2 Qd7 34.h3 h5 35.
Kg3 hxg4 36.hxg4 Qe6 37.Qc3 c6 38.a4 cxb5 39.axb5 Nc8 40.g5 Nd6 41.Qxf6+ 
Qxf6 42.Bxf6 Nxc4 43.Kf3 Nd6 44.Bd4 Nxb5 45.Bxb6 a4 46.Be3 a3 47.Bc1 a2 
48.Bb2 Ke6 49.Ke4 Nd6+ 50.Kd3 Kf5 51.Kc2 Kxf4 52.Bc1+ Kf5 53.Kb2 Ne4 54.
Kxa2 Nxg5 55.Kb3 Nh3 56.Bh6 g5 57.Bxg5 Nxg5 1/2-1/2

[Event "78th POL-ch"]
[Site "Bydgoszcz POL"]
[Date "2021.04.29"]
[Round "1.1"]
[White "Bartel, Mateusz"]
[Black "Teclaf, Pawel"]
[Result "1/2-1/2"]
[WhiteElo "2635"]
[BlackElo "2502"]
[EventDate "2021.04.29"]
[PlyCount "61"]

1.d4 d5 2.c4 dxc4 3.e4 b5 4.a4 c6 5.Nc3 a6 6.Nf3 e6 7.axb5 cxb5 8.Nxb5 
axb5 9.Rxa8 Bb7 10.Ra7 Qb6 11.Rxb7 Qxb7 12.Be2 Bb4+ 13.Bd2 Bxd2+ 14.Qxd2 
Qxe4 15.O-O Nf6 16.Ne5 O-O 17.Bf3 Qh4 18.g3 Qh3 19.Qb4 Qf5 20.Bg2 Nbd7 21.
Nc6 Qc2 22.Qxb5 g6 23.d5 exd5 24.Bxd5 c3 25.bxc3 Qxc3 26.Bg2 Re8 27.Qb4 
Qxb4 28.Nxb4 Kg7 29.Nd5 Nxd5 30.Bxd5 Nf6 31.Bf3 1/2-1/2

[Event "78th POL-ch"]
[Site "Bydgoszcz POL"]
[Date "2021.04.30"]
[Round "1.2"]
[White "Teclaf, Pawel"]
[Black "Bartel, Mateusz"]
[Result "1-0"]
[WhiteElo "2502"]
[BlackElo "2635"]
[EventDate "2021.04.29"]
[PlyCount "87"]

1.c4 e5 2.Nc3 Nf6 3.Nf3 Nc6 4.e3 Bb4 5.Qc2 O-O 6.Nd5 Be7 7.a3 d6 8.Bd3 h6 
9.b4 Be6 10.Nxe7+ Nxe7 11.Bb2 Qd7 12.Be2 Bf5 13.d3 b6 14.O-O c5 15.Nd2 Bh7
16.Bc3 Qe6 17.Rae1 d5 18.bxc5 dxc4 19.cxb6 cxd3 20.Bxd3 Bxd3 21.Qxd3 axb6 
22.Qb5 Ned5 23.Bb2 Ra5 24.Qb3 Rc5 25.Nf3 e4 26.Nd4 Qe5 27.Ne2 Qe6 28.Bd4 
Rc6 29.Qb2 Rfc8 30.Rc1 Ne8 31.Rxc6 Rxc6 32.h3 f6 33.Rc1 Kf7 34.Rxc6 Qxc6 
35.Qb3 Ke7 36.Nc3 Nxc3 37.Bxc3 Qe6 38.Qb4+ Kd7 39.Bd4 Kc7 40.Bxb6+ Kd7 41.
a4 Nd6 42.Bc5 Nc4 43.Qb7+ Ke8 44.a5 1-0

[Event "78th POL-ch"]
[Site "Bydgoszcz POL"]
[Date "2021.04.29"]
[Round "1.1"]
[White "Kempinski, Robert"]
[Black "Krasenkow, Michal"]
[Result "1-0"]
[WhiteElo "2561"]
[BlackElo "2597"]
[EventDate "2021.04.29"]
[PlyCount "63"]

1.d4 d6 2.Nf3 g6 3.c4 Bg7 4.Nc3 e5 5.Bg5 f6 6.Bd2 exd4 7.Nxd4 f5 8.e3 Nf6 
9.g3 Na6 10.Bg2 Nc5 11.Qc2 O-O 12.O-O Re8 13.Rfd1 c6 14.Be1 a5 15.Nb3 Nce4
16.Na4 b5 17.cxb5 cxb5 18.Nc3 Qb6 19.Nd4 b4 20.Nxe4 Nxe4 21.a3 bxa3 22.
bxa3 Be6 23.Nxe6 Rxe6 24.Rab1 Qd8 25.Qc4 Qd7 26.Qd5 Ra7 27.Rb8+ Bf8 28.
Bxe4 fxe4 29.Rc1 Kf7 30.Bxa5 Be7 31.Rc4 Kg7 32.Bb6 1-0

[Event "78th POL-ch"]
[Site "Bydgoszcz POL"]
[Date "2021.04.30"]
[Round "1.2"]
[White "Krasenkow, Michal"]
[Black "Kempinski, Robert"]
[Result "1/2-1/2"]
[WhiteElo "2597"]
[BlackElo "2561"]
[EventDate "2021.04.29"]
[PlyCount "91"]

1.d4 Nf6 2.c4 e6 3.g3 c5 4.d5 exd5 5.cxd5 d6 6.Nc3 g6 7.Bg2 Bg7 8.Nf3 O-O 
9.O-O Re8 10.Nd2 a6 11.a4 Nbd7 12.h3 b6 13.Nc4 Ne5 14.Na3 Nh5 15.e4 b5 16.
axb5 axb5 17.Ncxb5 Ba6 18.Nc3 Nd3 19.Qd2 Qb6 20.Bf3 Rab8 21.Be2 Nxc1 22.
Raxc1 Bxc3 23.bxc3 Nf6 24.f3 Bxe2 25.Qxe2 Nxd5 26.Nc4 Qa6 27.Rfe1 Nf6 28.
Ra1 Qc6 29.Rad1 d5 30.exd5 Nxd5 31.Qd3 Nf6 32.Ne5 Qe6 33.g4 Rb2 34.f4 Qa2 
35.Qf3 Rd2 36.Rxd2 Qxd2 37.Re2 Qd5 38.Kf2 h6 39.h4 c4 40.g5 hxg5 41.hxg5 
Qc5+ 42.Kf1 Nh5 43.Nd7 Qc8 44.Qg4 Ng3+ 45.Qxg3 Qxd7 46.Rxe8+ 1/2-1/2

[Event "78th POL-ch"]
[Site "Bydgoszcz POL"]
[Date "2021.04.29"]
[Round "1.1"]
[White "Gumularz, Szymon"]
[Black "Moranda, Wojciech"]
[Result "0-1"]
[WhiteElo "2517"]
[BlackElo "2618"]
[EventDate "2021.04.29"]
[PlyCount "94"]

1.Nf3 Nf6 2.c4 e6 3.g3 b6 4.Bg2 Bb7 5.O-O c5 6.b3 Be7 7.Bb2 O-O 8.e3 d5 9.
Qe2 dxc4 10.bxc4 Qc8 11.d3 Rd8 12.Nc3 Nc6 13.Rad1 a6 14.Rd2 Rb8 15.Rb1 Ba8
16.Ba1 Na7 17.d4 cxd4 18.exd4 b5 19.c5 Bc6 20.Bh3 b4 21.Nd1 Bb5 22.Qe1 Nc6
23.Ne3 Qc7 24.Rc1 a5 25.Nc4 Bxc4 26.Rxc4 Nd5 27.Qd1 Bf6 28.Bg2 Na7 29.Ne5 
Nb5 30.Ng4 Bg5 31.f4 Be7 32.Qf3 Nbc3 33.f5 Bg5 34.Rd3 Re8 35.fxe6 fxe6 36.
Ne5 Bf6 37.Ng4 Rf8 38.Nxf6+ Rxf6 39.Qg4 Qf7 40.Rf3 Rf8 41.Bxc3 Ne3 42.Rxf6
Qxf6 43.Qe2 Nxc4 44.Ba1 Qh6 45.h4 Qe3+ 46.Qxe3 Nxe3 47.Bh3 Kf7 0-1

[Event "78th POL-ch"]
[Site "Bydgoszcz POL"]
[Date "2021.04.30"]
[Round "1.2"]
[White "Moranda, Wojciech"]
[Black "Gumularz, Szymon"]
[Result "1/2-1/2"]
[WhiteElo "2618"]
[BlackElo "2517"]
[EventDate "2021.04.29"]
[PlyCount "60"]

1.e4 c5 2.Nf3 e6 3.d4 cxd4 4.Nxd4 Nf6 5.Nc3 Nc6 6.Ndb5 Bc5 7.Bf4 O-O 8.Bc7
Qe7 9.Bd6 Bxd6 10.Qxd6 Qd8 11.O-O-O a6 12.Nd4 Ne8 13.Nxc6 bxc6 14.Qc5 Rb8 
15.h4 Qb6 16.Qxb6 Rxb6 17.a3 d6 18.Rh3 f6 19.Na4 Rb8 20.Rb3 Rxb3 21.cxb3 
Kf7 22.Nb6 Bb7 23.Nd7 Rg8 24.Nc5 Bc8 25.Bxa6 Bxa6 26.Nxa6 g5 27.hxg5 Rxg5 
28.g3 Rg4 29.Re1 d5 30.Nc5 e5 1/2-1/2

[Event "78th POL-ch"]
[Site "Bydgoszcz POL"]
[Date "2021.04.29"]
[Round "1.1"]
[White "Tomczak, Jacek"]
[Black "Heberla, Bartlomiej"]
[Result "0-1"]
[WhiteElo "2610"]
[BlackElo "2556"]
[EventDate "2021.04.29"]
[PlyCount "64"]

1.e4 e5 2.Nc3 Nf6 3.g3 c6 4.d4 exd4 5.Qxd4 d5 6.Bh3 Bxh3 7.Nxh3 Qd7 8.exd5
cxd5 9.O-O Nc6 10.Qh4 Be7 11.Bg5 O-O-O 12.Kg2 d4 13.Ne4 Nxe4 14.Qxe4 Rde8 
15.Bxe7 Rxe7 16.Qf4 Rhe8 17.Rfd1 Re5 18.Ng1 g5 19.Qd2 Qd5+ 20.Kf1 g4 21.
Qd3 Qh1 22.Qxh7 f5 23.Qf7 Rh8 24.Re1 Rxh2 25.Qf8+ Kc7 26.Qf7+ Kb6 27.Qb3+ 
Rb5 28.Qd3 Qg2+ 29.Ke2 Re5+ 30.Kd2 Qxf2+ 31.Re2 Rxe2+ 32.Nxe2 Nb4 0-1

[Event "78th POL-ch"]
[Site "Bydgoszcz POL"]
[Date "2021.04.30"]
[Round "1.2"]
[White "Heberla, Bartlomiej"]
[Black "Tomczak, Jacek"]
[Result "1/2-1/2"]
[WhiteElo "2556"]
[BlackElo "2610"]
[EventDate "2021.04.29"]
[PlyCount "112"]

1.Nf3 Nf6 2.c4 c5 3.Nc3 d5 4.cxd5 Nxd5 5.e4 Nb4 6.Bb5+ N8c6 7.d4 cxd4 8.a3
dxc3 9.Qxd8+ Kxd8 10.axb4 g6 11.bxc3 Bg7 12.Ra3 Bd7 13.O-O Kc8 14.Be3 Ne5 
15.Bxd7+ Kxd7 16.Rd1+ Kc8 17.Nxe5 Bxe5 18.Rxa7 Rxa7 19.Bxa7 Kc7 20.Be3 Ra8
21.c4 Ra4 22.Rb1 Bc3 23.b5 e5 24.Kf1 Bd4 25.Bxd4 exd4 26.c5 Rc4 27.c6 bxc6
28.bxc6 Kxc6 29.Ke2 Rc2+ 30.Kd3 Rxf2 31.Kxd4 Kd6 32.e5+ Kc6 33.g3 Rd2+ 34.
Ke4 Re2+ 35.Kd4 Rd2+ 36.Ke4 Re2+ 37.Kd4 Rxh2 38.Rf1 Rd2+ 39.Ke4 Rd7 40.
Rc1+ Kb7 41.g4 Rc7 42.Rh1 Kc6 43.Kd4 Rd7+ 44.Kc4 Kc7 45.Rxh7 Kd8 46.e6 
fxe6 47.Rh6 Ke7 48.Rxg6 Rd1 49.g5 Kd6 50.Rg8 Ke5 51.g6 Kf6 52.Kc3 Rd7 53.
Kc2 Ke5 54.Kc3 Ke4 55.g7 e5 56.Kc4 Ke3 1/2-1/2

[Event "78th POL-ch"]
[Site "Bydgoszcz POL"]
[Date "2021.05.01"]
[Round "2.1"]
[White "Gajewski, Grzegorz"]
[Black "Wojtaszek, Radoslaw"]
[Result "1/2-1/2"]
[WhiteElo "2596"]
[BlackElo "2694"]
[EventDate "2021.04.29"]
[PlyCount "60"]

1.Nf3 c5 2.g3 Nc6 3.c4 g6 4.Bg2 Bg7 5.Nc3 d6 6.O-O Bf5 7.h3 e5 8.d3 Nge7 
9.a3 a5 10.Ng5 O-O 11.Nb5 Na7 12.a4 Nxb5 13.axb5 Rb8 14.f4 f6 15.Ne4 b6 
16.Nc3 Qd7 17.Kh2 Be6 18.e4 f5 19.Nd5 Nxd5 20.exd5 Bf7 21.Ra2 Be8 22.b3 
Qf7 23.fxe5 Bxe5 24.Bh6 Bd7 25.Re2 Rfe8 26.Qd2 Qf6 27.Rff2 Bc3 28.Qf4 Be5 
29.Qd2 Bc3 30.Qf4 Be5 1/2-1/2

[Event "78th POL-ch"]
[Site "Bydgoszcz POL"]
[Date "2021.05.02"]
[Round "2.2"]
[White "Wojtaszek, Radoslaw"]
[Black "Gajewski, Grzegorz"]
[Result "1/2-1/2"]
[WhiteElo "2694"]
[BlackElo "2596"]
[EventDate "2021.04.29"]
[PlyCount "66"]

1.d4 d5 2.c4 e6 3.Nf3 Nf6 4.Nc3 c5 5.e3 Nc6 6.a3 dxc4 7.Bxc4 a6 8.Bd3 cxd4
9.exd4 Be7 10.O-O O-O 11.Bc2 b5 12.Qd3 Bb7 13.Re1 g6 14.Bh6 Re8 15.Rad1 
Rc8 16.Bb1 b4 17.axb4 Nxb4 18.Qe2 Nbd5 19.Nxd5 Nxd5 20.Be4 Bb4 21.Rf1 Bd6 
22.h4 f5 23.Bb1 Bf4 24.Bg5 Bxg5 25.hxg5 Nf4 26.Qe3 Bxf3 27.Qxf3 Qxg5 28.
Rfe1 h5 29.g3 Nh3+ 30.Kg2 Qg4 31.Qxg4 hxg4 32.f3 Rb8 33.fxg4 Ng5 1/2-1/2